Catálogo público

Evaluación de germinación de diferentes tratamientos térmicos para mezquite Prosopis laegavita Humb. & Bonpl. Ex. Will M. C. Johnston / (Record no. 218700)

MARC details
000 -CABECERA
campo de control de longitud fija 02199nam a2200301 a 4500
003 - IDENTIFICADOR DEL NÚMERO DE CONTROL
campo de control OSt
005 - FECHA Y HORA DE LA ÚLTIMA TRANSACCIÓN
campo de control 20251111110134.0
007 - CAMPO FIJO DE DESCRIPCIÓN FÍSICA--INFORMACIÓN GENERAL
campo de control de longitud fija cr ||||||a|c|a
008 - DATOS DE LONGITUD FIJA--INFORMACIÓN GENERAL
campo de control de longitud fija 230508s2020 mx ad||fom||| 001 0 spa d
040 ## - FUENTE DE LA CATALOGACIÓN
Normas de descripción rda
100 1# - ENTRADA PRINCIPAL--NOMBRE DE PERSONA
9 (RLIN) 186918
Nombre de persona Vega Zeferino, Miguel Ángel
245 10 - MENCIÓN DE TÍTULO
Título Evaluación de germinación de diferentes tratamientos térmicos para mezquite Prosopis laegavita Humb. & Bonpl. Ex. Will M. C. Johnston /
Mención de responsabilidad, etc. por Miguel Ángel Vega Zeferino; director de tesis Dante Arturo Rodríguez Trejo
264 #1 - PRODUCCIÓN, PUBLICACIÓN, DISTRIBUCIÓN, FABRICACIÓN Y COPYRIGHT
Producción, publicación, distribución, fabricación y copyright Chapingo, México :
Nombre del de productor, editor, distribuidor, fabricante El autor,
Fecha de producción, publicación, distribución, fabricación o copyright 2020.
300 ## - DESCRIPCIÓN FÍSICA
Extensión 1 recurso en línea (32 páginas):
Otras características físicas ilustraciones, gráficas.
336 ## - TIPO DE CONTENIDO
Fuente rdacontent
Término de tipo de contenido texto
Código de tipo de contenido txt
337 ## - TIPO DE MEDIO
Fuente rdamedia
Nombre/término del tipo de medio computadora
Código del tipo de medio c
338 ## - TIPO DE SOPORTE
Fuente rdacarrier
Nombre/término del tipo de soporte recurso en línea
Código del tipo de soporte cr
502 ## - NOTA DE TESIS
Tipo de título Ingeniería Forestal
Nombre de la institución que otorga el título División de Ciencias Forestales,
Año de obtención del título 2020.
Información miscelánea Licenciatura
504 ## - NOTA DE BIBLIOGRAFÍA, ETC.
Nota de bibliografía, etc. Incluye referencias bibliográficas: páginas 30-32
520 ## - SUMARIO, ETC.
Sumario, etc. El mezquite es una especie de alto valor ecológico en las zonas áridas y semiáridas. Las semillas de Prosopis laevigata Humb. & Bonpl. Ex Will M. C. Johnston presentan latencia física, caracterizada por una cubierta seminal dura e impermeable, lo que dificulta la germinación. El objetivo de esta investigación fue evaluar 15 tratamientos térmicos a diferentes temperaturas (40°, 60° y 80° C) y tiempos de exposición (1, 5, 35, 55 y 75 min), como escarificación térmica para aumentar la germinación de P. laevigata. De acuerdo con la comparación de medias de Tukey (α = 0.05), el tratamiento 80°C durante 55 min tuvo la mayor efectividad, logrando una germinación de 70 %, superior a la germinación media del testigo (40 %). De acuerdo con las tendencias de germinación, a mayor temperatura y tiempo de exposición, dentro de los intervalos estudiados, mayor germinación.
650 #4 - PUNTO DE ACCESO ADICIONAL DE MATERIA--TÉRMINO DE MATERIA
9 (RLIN) 112204
Término de materia o nombre geográfico como elemento de entrada Temperatura
Subdivisión general Efecto en leguminosas
650 #4 - PUNTO DE ACCESO ADICIONAL DE MATERIA--TÉRMINO DE MATERIA
9 (RLIN) 103933
Término de materia o nombre geográfico como elemento de entrada Semillas
Subdivisión general Viabilidad
650 #4 - PUNTO DE ACCESO ADICIONAL DE MATERIA--TÉRMINO DE MATERIA
9 (RLIN) 75369
Término de materia o nombre geográfico como elemento de entrada Mezquite
Subdivisión general Fisiología y morfología
650 #4 - PUNTO DE ACCESO ADICIONAL DE MATERIA--TÉRMINO DE MATERIA
9 (RLIN) 103903
Término de materia o nombre geográfico como elemento de entrada Semillas
Subdivisión general Germinación
700 1# - PUNTO DE ACCESO ADICIONAL--NOMBRE DE PERSONA
9 (RLIN) 98938
Nombre de persona Rodríguez Trejo, Dante Arturo
Término indicativo de función/relación director.
856 ## - LOCALIZACIÓN Y ACCESO ELECTRÓNICOS
Identificador Uniforme del Recurso http://10.13.5.2/tesis/tl/Vega_Zeferino_Miguel_Angel.pdf
Nota pública DESCARGAR PDF
942 ## - ELEMENTOS DE PUNTO DE ACCESO ADICIONAL (KOHA)
Fuente del sistema de clasificación o colocación Clasificación Universidad Autónoma Chapingo
Tipo de ítem Koha Tesis digital
Holdings
Estado de retiro Estado de pérdida Fuente del sistema de clasificación o colocación Estado dañado Restricciones de uso No para préstamo Código de colección Localización permanente Ubicación/localización actual Ubicación en estantería Fecha de adquisición Total de préstamos Signatura topográfica completa Fecha visto por última vez Precio válido a partir de Tipo de ítem Koha
    Clasificación Universidad Autónoma de Chapingo   Préstamo interno   Tesis digitales de Licenciatura Biblioteca Digital Biblioteca Digital En línea 08/05/2023   Tesis digital 08/05/2023 08/05/2023 Tesis digital